| 000 | 00563nam a2200193Ia 4500 | ||
|---|---|---|---|
| 003 | GCL | ||
| 008 | 140319s9999 xx 000 0 ara d | ||
| 040 |
_aGCL / _cGCL |
||
| 082 | 0 | 4 |
_a813.009 _bس ق |
| 100 | 1 | _aسيد حامد النساج | |
| 245 | 1 | 0 |
_aالقصة القصيرة / _cسيد حامد النساج |
| 300 | _a79 ص | ||
| 490 |
_aكتابك 30 _v0 |
||
| 650 | 0 | 4 | _aالقصة العربية |
| 650 | 0 | 4 | _aالقصة القصيرة |
| 650 | 0 | 4 | _aالتأليف |
| 650 | 0 | 4 | _aالادب العربى - العصر الحديث |
| 942 |
_2ddc _cBK |
||
| 999 |
_c38190 _d38190 |
||